000 00609nam a2200193Ia 4500
005 20250508164844.0
008 008 250505s9999 xx 000 0 hin d
037 _aDissertations
040 _aFEDL
_beng
_cFEDL
041 _ahin
_2eng
084 _a375.3, SAV/DI
_qFEDL
100 _aSavitri
245 0 _aKaksha navi (IXth) ke vartman C.B.S.E. ke samajik addhyan ke patthyakaram me manvadhikar paripresh ka samavesh: Ek addhyan
260 _c2007
300 _a120p.
546 _aM. Ed. Dissertation (Delhi University)
942 _cDIS
_h375.3, SAV/DI
999 _c1391609
_d1391609